Brigádny chozrasčot - a čo ďalej? Pracovné kolektívy v procese intenzifikácie ekonomiky

Bibliographic Details
Main Author: Fusko, Zoltán, 1933-1996 (Author)
Format: Article
Language:Slovak
Subjects:

MARC

LEADER 00000nab a2200000 a 4500
001 vtls000175780
003 SK-MaSNL
005 20260302201709.0
008 111104c1984 xo 0 slo
015 |a SNBRB19rr/mm-uuuuu 
035 |a CL0185893 
040 |a SNKBUCL  |b slo  |c SNKBUCL  |e AACR2 
041 0 |a slo 
044 |a xo  |c SK 
080 |a 338.244.018  |2 1981 
100 1 |a Fusko, Zoltán,  |d 1933-1996  |4 aut  |9 156135 
245 1 0 |a Brigádny chozrasčot - a čo ďalej?  |b Pracovné kolektívy v procese intenzifikácie ekonomiky  |c Zoltán Fusko 
650 0 7 |a chozrasčot brigádny  |2 snkbucl  |9 922420 
655 7 |a články z novín a časopisov  |2 snkbucl  |9 267496 
773 0 |t Nové slovo  |g Roč. 26, č. 8 (1984), s. 5 
850 |a Slovenská národná knižnica v Martine  |a MTA001 
852 |a SNK  |b KIS3GCP 
958 |a RK 
992 |a RBX 
999 |c 1461874  |d 1463804